000 00889nam a22002897a 4500
001 BR2018002537
003 BR-BrBNA
005 20230928105403.0
007 ta
008 230509b bl.||||| |||| 00| 0 por d
040 _aBR-BrBNA
_bpor
_cBiblioteca Nacional de Agricultura
041 _a(Por)
072 _aH10
_b1112
_b4020
090 _ 1112 BR2018002537
100 1 _aFerreira, D.M.V.
110 1 _aSecretaria de Agricultura, Irrigação e Reforma Agrária, Salvador, BA (Brasil)
_98682
245 1 _aCaracterização da região no médio São Francisco com local livre de Bradinothrips musae - inseto praga da cultura da banana
260 3 _aSalvador, BA (Brasil):
_c2008.
300 _a25 p.
650 _aBANANA
650 _aTHRIPS
650 _aINSETO
650 _aIRRIGAÇÃO
650 _aERRADICAÇÃO
909 _a202309
_bLucia
_c55
_dLucia Elande
942 _cBK
999 _c84923
_d84923